|
|
|
|
| LEADER |
00874nam a22002417a 4500 |
| 001 |
30543 |
| 003 |
BD-DhAAL |
| 005 |
20151119110703.0 |
| 008 |
151007s1994 bg a|||| |||| 00| 0 eng d |
| 040 |
|
|
|a BD-DhAAL
|c BD-DhAAL
|
| 082 |
|
|
|2 22
|a 307.1412095492
|
| 999 |
|
|
|c 36238
|d 36238
|
| 999 |
|
|
|c 35707
|
| 245 |
|
|
|a Audit of Rural Credit Project (RCP), Rural Development Programme (RDP), prepared for donor consortium (fourth quarter 1994) :
|c BRAC
|
| 260 |
|
|
|a Dhaka
|b BRAC
|c 1994
|
| 300 |
|
|
|a 118 p. :
|b ill. ;
|c 28 cm.
|
| 541 |
|
|
|e 30543
|
| 610 |
|
|
|a BRAC
|9 15203
|
| 650 |
|
|
|a Rural development
|z Bangladesh
|9 15204
|
| 710 |
|
|
|a BRAC
|9 15203
|
| 852 |
|
|
|a Ayesha Abed Library
|c BRAC Resource Section
|
| 942 |
|
|
|2 ddc
|c BK
|
| 952 |
|
|
|0 0
|1 0
|2 ddc
|4 0
|6 307_141209549200000_AUD
|7 0
|9 56979
|a BRACUL
|b BRACUL
|c BRS
|d 2015-11-19
|e BRAC
|l 0
|o 307.1412095492 AUD
|p 3010030543
|r 2015-11-19
|t 1
|w 2015-11-19
|y BK
|